[Event "WYCC 2018 O16"]
[Site "Halkidiki"]
[Date "2018.10.20"]
[Round "1"]
[White "Gatineau, Yovann"]
[Black "Fernandez Garcia, Gumersindo"]
[Result "1-0"]
[WhiteElo "2376"]
[BlackElo "2065"]
[Annotator "NA"]
[PlyCount "115"]
[EventDate "2018.10.20"]
[EventType "swiss"]
[EventCountry "GRE"]
[SourceTitle "playchess.com"]
[Source "ChessBase"]
[SourceQuality "1"]
[TimeControl "40/5400+30:1800+30"]

1. d4 {[%emt 0:00:00]} Nf6 {[%emt 0:00:09]} 2. Nf3 {[%emt 0:00:07]} g6 {[%emt 0:00:55]} 3. c4 {[%emt 0:00:29]} Bg7 {[%emt 0:00:15]} 4. Nc3 {[%emt 0:00:52]} d6 {[%emt 0:01:07]} 5. e4 {[%emt 0:00:19]} O-O {[%emt 0:00:11]} 6. h3 {[%emt 0:01:09]} e5 {[%emt 0:00:50]} 7. dxe5 {[%emt 0:00:29]} dxe5 {[%emt 0:00:06]} 8. Be3 {[%emt 0:00:03] E90: King's Indian: Classical: Early deviations and 6 h3} (8. Qxd8 Rxd8 9. Bg5 Na6 10. Nd5 Rd6 11. Bxf6 Bxf6 12. Rc1 b6 13. b4 c6 14. Nxf6+ Rxf6 15. a3 c5 16. b5 Nc7 17. Rd1 a6 18. Rd8+ {0-1 (44) Wang,Y (2690)-Saric,I (2669) Riadh 2017}) 8... c6 {[%emt 0:05:01]} 9. c5 {[%emt 0:00:42]} Qe7 {[%emt 0:08:44]} 10. Nd2 $146 {[%emt 0:01:44]} ({Predecessor:} 10. Be2 Nh5 11. O-O Nf4 12. Bc4 Ne6 13. Qd6 Qf6 14. Rad1 h6 15. Qd2 Kh7 {½-½ (25) Miladinovic,L (2078)-Martinovic,S (2447) Paracin 2012}) 10... Rd8 {[%emt 0:09:03]} 11. Qa4 {[%emt 0:06:55]} Be6 {[%emt 0:06:04]} 12. Bc4 {[%emt 0:02:11]} Bxc4 {[%emt 0:02:32]} 13. Nxc4 {[%emt 0:00:41]} Na6 {[%emt 0:08:21]} 14. b4 {[%emt 0:06:43]} Rd3 {[%emt 0:05:18]} 15. Rc1 {[%emt 0:00:55]} Rd4 {[%emt 0:10:23]} 16. Qb3 {[%emt 0:13:35]} Nxe4 {[%emt 0:10:30]} 17. Bxd4 {[%emt 0:00:35]} exd4 {[%emt 0:00:18]} 18. Nxe4 {[%emt 0:00:14]} Qxe4+ {[%emt 0:00:08]} 19. Kf1 {[%emt 0:00:05]} Re8 {[%emt 0:01:18]} 20. Nd6 {[%emt 0:09:54]} Qe2+ {[%emt 0:00:52]} 21. Kg1 {[%emt 0:00:06]} Re7 {[%emt 0:01:16]} 22. Rc2 {[%emt 0:03:07]} Qe5 {[%emt 0:07:26]} (22... Qe1+ $17 23. Kh2 Qxb4) 23. a3 {[%emt 0:04:22]} Bf8 {[%emt 0:08:03]} 24. Qf3 {[%emt 0:02:34]} Nc7 $14 {[%emt 0:03:31]} (24... b6 $11) 25. g3 {[%emt 0:00:48]} Ne8 {[%emt 0:03:27]} 26. Nc4 {[%emt 0:02:31]} Qe6 {[%emt 0:00:55]} 27. Kg2 {[%emt 0:00:20]} Rd7 {[%emt 0:01:07]} 28. Rd1 {[%emt 0:01:58]} Ng7 {[%emt 0:00:47]} 29. Na5 {[%emt 0:03:35]} Qf5 {[%emt 0:02:14]} 30. Qxf5 {[%emt 0:02:02]} Nxf5 {[%emt 0:00:01]} 31. Re2 {[%emt 0:00:12]} Ng7 {[%emt 0:02:14]} 32. Re4 {[%emt 0:04:54]} Ne6 {[%emt 0:00:06]} 33. f4 {[%emt 0:00:04]} h5 {[%emt 0:01:28]} 34. g4 {[%emt 0:02:48]} hxg4 {[%emt 0:00:17]} 35. hxg4 {[%emt 0:00:06]} d3 {[%emt 0:01:26]} 36. f5 {[%emt 0:00:21]} gxf5 {[%emt 0:00:50]} 37. gxf5 {[%emt 0:00:06]} Ng7 {[%emt 0:00:09]} 38. f6 {[%emt 0:01:43]} Nf5 {[%emt 0:00:20]} 39. Re5 {[%emt 0:03:03]} Nh4+ {[%emt 0:01:05]} 40. Kf2 {[%emt 0:00:00]} Ng6 {[%emt 0:00:00]} 41. Re3 {[%emt 0:01:20]} d2 {[%emt 0:02:37]} 42. Rh3 {[%emt 0:03:42]} b6 {[%emt 0:05:14]} 43. cxb6 {[%emt 0:07:28]} axb6 {[%emt 0:00:08]} 44. Nxc6 {[%emt 0:00:04]} Rd6 {[%emt 0:01:52]} 45. Ne7+ Nxe7 {[%emt 0:00:13]} 46. fxe7 {[%emt 0:00:47]} Bxe7 {[%emt 0:00:03]} 47. Rg3+ {[%emt 0:01:49]} Kf8 {[%emt 0:00:10]} 48. Ke2 {[%emt 0:00:07]} Bh4 {[%emt 0:02:46]} 49. Rd3 {[%emt 0:00:08]} Re6+ {[%emt 0:01:18]} 50. Kxd2 {[%emt 0:00:08]} Ke7 {[%emt 0:01:12]} 51. Kc3 {[%emt 0:00:43]} Rc6+ {[%emt 0:01:46]} 52. Kb3 {[%emt 0:00:29]} f5 {[%emt 0:01:03]} 53. Rf1 {[%emt 0:03:22]} Rf6 {[%emt 0:00:13]} 54. Rh3 {[%emt 0:00:07]} Bg5 {[%emt 0:03:21]} 55. Rh5 {[%emt 0:00:05]} Be3 {[%emt 0:01:48]} 56. Rfxf5 {[%emt 0:00:37]} Rxf5 {[%emt 0:00:45]} 57. Rxf5 {[%emt 0:00:03]} Kd6 {[%emt 0:00:08]} 58. Kc4 {[%emt 0:00:06] Kd5+} 1-0

[Event "WYCC 2018 O16"]
[Site "Halkidiki"]
[Date "2018.10.20"]
[Round "1"]
[White "Schitco, Ivan"]
[Black "Fainman, Tomer"]
[Result "1-0"]
[WhiteElo "2376"]
[BlackElo "2054"]
[Annotator "NA"]
[PlyCount "63"]
[EventDate "2018.10.20"]
[EventType "swiss"]
[EventCountry "GRE"]
[SourceTitle "playchess.com"]
[Source "ChessBase"]
[SourceQuality "1"]
[TimeControl "40/5400+30:1800+30"]

1. c4 {[%emt 0:00:00]} c6 {[%emt 0:00:00]} 2. g3 {[%emt 0:00:00]} d5 {[%emt 0:00:00]} 3. Nf3 {[%emt 0:00:00]} Nf6 {[%emt 0:00:19]} 4. Bg2 {[%emt 0:00:20]} g6 {[%emt 0:05:43]} 5. b3 {[%emt 0:00:33]} Bg7 {[%emt 0:00:20]} 6. Bb2 {[%emt 0:00:23]} Bf5 {[%emt 0:07:40]} 7. O-O {[%emt 0:01:52]} O-O {[%emt 0:03:25]} 8. d3 {[%emt 0:01:17]} Qd7 {[%emt 0:04:28]} 9. Nbd2 {[%emt 0:06:16]} Bh3 {[%emt 0:01:00] LiveBook: 6 Games} 10. Qc2 $14 {[%emt 0:07:08]} Na6 {[%emt 0:14:59]} 11. a3 {[%emt 0:02:05]} Rac8 {[%emt 0:01:31]} 12. b4 {[%emt 0:04:59]} Rfd8 {[%emt 0:01:44]} 13. Rfd1 {[%emt 0:03:14]} Bxg2 {[%emt 0:00:19]} 14. Kxg2 {[%emt 0:00:06]} c5 {[%emt 0:06:57]} 15. b5 {[%emt 0:02:31]} Nc7 {[%emt 0:00:21]} 16. e4 {[%emt 0:14:17]} d4 {[%emt 0:11:36]} 17. h3 {[%emt 0:03:38]} h6 {[%emt 0:08:05]} 18. Rf1 {[%emt 0:01:10]} Qe8 {[%emt 0:04:59]} 19. e5 {[%emt 0:03:29]} Nd7 {[%emt 0:03:13]} 20. Rae1 {[%emt 0:01:00]} Kh7 {[%emt 0:01:12]} 21. Bc1 {[%emt 0:01:18]} Qh8 {[%emt 0:02:17]} 22. Ne4 {[%emt 0:01:00]} Ne6 {[%emt 0:01:42]} 23. Nh2 {[%emt 0:01:55]} Nxe5 {[%emt 0:03:55]} 24. f4 {[%emt 0:00:28]} Nd7 {[%emt 0:00:52]} 25. f5 {[%emt 0:00:17]} Nc7 {[%emt 0:00:34]} 26. fxg6+ {[%emt 0:04:08]} fxg6 {[%emt 0:06:00]} 27. Rf7 {[%emt 0:00:14]} Re8 {[%emt 0:03:44]} 28. Bxh6 {[%emt 0:01:37]} Kxh6 {[%emt 0:00:54]} 29. Ng5 {[%emt 0:00:40]} Bf6 {[%emt 0:05:28]} 30. h4 {[%emt 0:01:02]} Ne5 {[%emt 0:01:07]} 31. Rxe5 {[%emt 0:00:17]} Bxe5 {[%emt 0:00:08]} 32. Ng4+ {[%emt 0:00:49]} 1-0

[Event "WYCC 2018 O16"]
[Site "Halkidiki"]
[Date "2018.10.20"]
[Round "1"]
[White "Shubin, Kirill"]
[Black "Onslow, Alfie"]
[Result "1/2-1/2"]
[WhiteElo "2369"]
[BlackElo "2037"]
[Annotator "NA"]
[PlyCount "47"]
[EventDate "2018.10.20"]
[EventType "swiss"]
[EventCountry "GRE"]
[SourceTitle "playchess.com"]
[Source "ChessBase"]
[SourceQuality "1"]
[TimeControl "40/5400+30:1800+30"]

1. e4 {[%emt 0:00:00]} c5 {[%emt 0:00:00]} 2. Nf3 {[%emt 0:00:00]} e6 {[%emt 0:00:00]} 3. d4 {[%emt 0:00:00]} cxd4 {[%emt 0:00:00]} 4. Nxd4 {[%emt 0:00:00]} Nc6 {[%emt 0:00:03]} 5. Nc3 {[%emt 0:00:00]} Qc7 {[%emt 0:00:05]} 6. Be3 {[%emt 0:00:00]} a6 {[%emt 0:00:06]} 7. Qf3 {[%emt 0:00:05]} Nf6 {[%emt 0:01:04]} 8. Nxc6 {[%emt 0:00:04]} dxc6 {[%emt 0:01:04]} 9. Qg3 {[%emt 0:00:27]} Qxg3 {[%emt 0:10:26]} 10. hxg3 {[%emt 0:00:05]} e5 {[%emt 0:01:05]} 11. O-O-O {[%emt 0:05:45]} b5 {[%emt 0:07:32]} 12. f3 {[%emt 0:12:12]} Be6 {[%emt 0:04:57]} 13. g4 {[%emt 0:01:33]} Nd7 {[%emt 0:13:35]} 14. Kb1 {[%emt 0:13:19]} Bc5 {[%emt 0:03:22]} 15. Bxc5 {[%emt 0:01:07]} Nxc5 {[%emt 0:00:02]} 16. Rh5 {[%emt 0:13:03]} g6 $15 {[%emt 0:12:54]} 17. Rh4 {[%emt 0:14:14]} Kf8 {[%emt 0:07:27]} 18. Re1 {[%emt 0:07:31]} Kg7 {[%emt 0:01:59]} 19. g3 {[%emt 0:00:54]} Rad8 {[%emt 0:09:32]} 20. Nd1 {[%emt 0:05:11]} Rd4 {[%emt 0:07:21]} 21. Ne3 {[%emt 0:01:04]} a5 {[%emt 0:01:56]} 22. Bg2 {[%emt 0:04:44]} b4 {[%emt 0:03:01]} 23. Reh1 {[%emt 0:01:59]} a4 {[%emt 0:04:27]} 24. b3 {[%emt 0:00:05]} 1/2-1/2

[Event "WYCC 2018 O16"]
[Site "Halkidiki"]
[Date "2018.10.20"]
[Round "1"]
[White "Kalavannan, Koby"]
[Black "Stefan, Victor"]
[Result "0-1"]
[WhiteElo "2365"]
[BlackElo "1998"]
[Annotator "TA"]
[PlyCount "144"]
[EventDate "2018.10.20"]
[EventType "swiss"]
[EventCountry "GRE"]
[SourceTitle "playchess.com"]
[Source "ChessBase"]
[SourceQuality "1"]

{[%evp 17,143,-15,-14,-26,-21,-45,-54,-63,-63,-77,-34,-40,-33,-31,-10,-12,-4,-21,-7,-15,100,58,57,35,127,106,135,92,91,50,46,56,64,54,72,19,19,22,73,50,47,54,98,0,0,0,0,-54,-26,-21,8,-3,0,0,0,0,0,-12,-8,-263,-279,-189,-185,-466,-398,-443,-443,-851,-851,-804,-813,-566,-360,-348,-312,-294,-299,-229,-99,-116,0,-289,-297,-227,-236,-383,-381,-1151,-1122,-1106,-1139,-1009,-1059,-669,-814,-787,-737,-1898,-2300,-2750,-2797,-2667,-1025,-29980,-29981,-29980,-29979,-29983,-29982,-29982,-29983,-29989,-29990,-29990,-29991,-29991,-29992,-29993,-29993,-29993,-29994,-29995,-29996,-29997,-29998,-29998,-29999,-29999]} 1. d4 d5 2. c4 e6 3. Nf3 Nf6 4. g3 dxc4 5. Qa4+ Nbd7 6. Bg2 a6 7. Qxc4 b5 8. Qc6 Ra7 9. Qc2 {E03: Katalanisch} Bb7 {LiveBook: 8 Partien} 10. Nc3 c5 {Und weiter mit ...cxd4 wäre nett.} 11. dxc5 {Die Stellung ist ausgeglichen.} Bxc5 12. O-O O-O 13. a3 $146 ({Vorgänger:} 13. Bg5 h6 14. Bxf6 Nxf6 15. Ne1 Bxg2 16. Nxg2 Rc7 {0-1 (35) Espig,L (2420)-Chekhov,V (2535) Halle/Saale 1984}) 13... Ra8 14. e4 Rc8 15. Bf4 Qb6 16. Rad1 {Mit der Idee e5.} Rfd8 17. e5 Ng4 {Droht ...Lxf3.} 18. Qe2 Bf8 (18... h6 $11) 19. Bg5 f6 20. exf6 Ndxf6 ({Lieber} 20... Ngxf6 $14 21. Be3 Qc6) 21. h3 $16 Nh6 22. Bxh6 gxh6 23. Qe5 Bg7 {Und ...Se4 würde nun gewinnen.} 24. Nd4 {Lxb7 ist eine echte Drohung.} Bxg2 25. Kxg2 Rd6 {Weiss muss nun ...Sd7 beachten.} 26. Nde2 (26. Nf3 $16 Nd5 27. Nxd5 Rxd5 28. Qe2) 26... Qc6+ $11 27. Kg1 Rcd8 (27... Nd5 $11 {hält das Gleichgewicht.} 28. Qh5 Qc4) 28. Rxd6 $16 Rxd6 29. Qe3 Qc4 30. Qf4 (30. Nf4 $16) 30... Qxf4 $11 31. Nxf4 Kf7 32. Rd1 ({Günstiger ist} 32. Re1 $11) 32... Rxd1+ (32... Ne4 {feels hotter.} 33. Nfe2 Rxd1+ 34. Nxd1 Nd2 35. a4 bxa4 36. Nec3 Ke7) 33. Nxd1 $15 {[%mdl 4096] Endspiel KLS-KSS} Nd5 34. Nd3 Bd4 35. Kg2 e5 36. Kf3 Ke6 37. b3 a5 38. Kg4 $2 {[%mdl 8192]} (38. Ne1 $11 {und Weiss muss sich keine Sorgen machen.}) 38... Nf6+ $19 39. Kh4 Kd5 $1 40. g4 $2 (40. f3) 40... Ke4 $1 {[%cal Re4d3]} 41. Ne1 Kf4 $1 42. a4 (42. Nc2 $142 Bc5 43. Ne1 Bxa3 44. Ne3) 42... bxa4 43. bxa4 e4 $1 44. Nc2 Bc5 45. Nce3 Be7 46. Nf5 Bd8 {( -> ...Se8+)} 47. Nd4 {[#]} Nd5+ (47... Bb6 $1 $19 {[%cal Rb6d4] ist viel giftiger.} 48. Nf5 Kf3 49. Nxh6 Ke2) 48. Kh5 $17 {[#] Droht Se6+ und aus.} Bf6 (48... Bg5 $1 $17 {[%cal Rd5f6]} 49. Ne6+ Kf3 50. Nxg5+ hxg5 51. Kxg5 Ke2) 49. Ne6+ $2 {[%mdl 8192]} (49. Ne3 $1 $11 {und Weiss steht sicher.} Nxe3 50. fxe3+ Kxe3 51. Nf5+ Kf2 52. Kxh6) 49... Ke5 $19 50. g5 hxg5 ({Minderwertig wäre} 50... Kxe6 51. gxf6 Nxf6+ 52. Kxh6 $11) ({Finger weg von} 50... Be7 51. Kxh6 Kxe6 52. h4 $17) 51. Nf8 (51. Nxg5 {einziger Zug.} Nf4+ 52. Kh6) 51... Kf5 {Droht stark ...Lg7.} 52. Kh6 $2 (52. Nxh7 Bd8 53. Kh6) 52... Bd4 53. Nxh7 Nb6 54. Nxg5 Nxa4 55. Nf7 Ke6 56. Kg6 Nc5 57. Ng5+ Kd5 58. h4 a4 59. Nh3 Ne6 (59... a3 $142 60. Nf4+ Ke5) 60. Ng1 Nf4+ {Schwarz setzt Matt.} 61. Kf5 a3 62. Kxf4 a2 63. Ne2 a1=Q 64. Nxd4 Qxd1 65. Nf5 Qf3+ 66. Kg5 Qxf2 67. h5 e3 68. Nxe3+ Qxe3+ 69. Kg6 Ke6 70. h6 Qg3+ 71. Kh7 Kf7 {[%csl Gf7][%cal Rg3g8]} 72. Kh8 Qg8# {Precision: Weiß = 32%, Schwarz = 58%.} 0-1

[Event "WYCC 2018 O16"]
[Site "Halkidiki"]
[Date "2018.10.20"]
[Round "1"]
[White "Wachinger, Nikolas"]
[Black "Loukopoulos, Panagiotis-Athanasi"]
[Result "1/2-1/2"]
[WhiteElo "2360"]
[BlackElo "1988"]
[Annotator "NA"]
[PlyCount "48"]
[EventDate "2018.10.20"]
[EventType "swiss"]
[EventCountry "GRE"]
[SourceTitle "playchess.com"]
[Source "ChessBase"]
[SourceQuality "1"]
[TimeControl "40/5400+30:1800+30"]

1. e4 {[%emt 0:00:00]} c5 {[%emt 0:00:00]} 2. Nf3 {[%emt 0:00:00]} e6 {[%emt 0:00:00]} 3. g3 {[%emt 0:00:00]} Nc6 {[%emt 0:04:10]} 4. Bg2 {[%emt 0:00:00]} Nf6 {[%emt 0:01:37]} 5. Qe2 {[%emt 0:00:09]} d5 {[%emt 0:04:07]} 6. exd5 {[%emt 0:00:15]} Nxd5 {[%emt 0:00:27]} 7. O-O {[%emt 0:00:12]} Be7 {[%emt 0:01:26]} 8. Rd1 {[%emt 0:00:15]} Bf6 {[%emt 0:03:59]} 9. c3 {[%emt 0:13:29]} O-O {[%emt 0:00:57]} 10. d4 $11 {[%emt 0:00:40]} cxd4 {[%emt 0:00:21]} 11. cxd4 {[%emt 0:00:21]} b6 {[%emt 0:08:53]} 12. Nc3 {[%emt 0:02:16]} Nxc3 {[%emt 0:05:53]} 13. bxc3 {[%emt 0:00:04]} Bb7 {[%emt 0:00:13]} 14. Ne5 {[%emt 0:13:51]} Bxe5 {[%emt 0:12:27]} 15. dxe5 {[%emt 0:00:15]} Qc7 {[%emt 0:04:44]} 16. Ba3 {[%emt 0:01:00]} Rfd8 {[%emt 0:00:26]} 17. Bd6 {[%emt 0:02:11]} Qc8 {[%emt 0:00:05]} 18. Qg4 {[%emt 0:09:00]} Rd7 {[%emt 0:04:12]} 19. Rac1 {[%emt 0:09:32]} Na5 {[%emt 0:07:00]} 20. Rd4 {[%emt 0:09:41]} Bxg2 {[%emt 0:00:19]} 21. Kxg2 {[%emt 0:00:07]} Qc6+ {[%emt 0:02:23]} 22. Kg1 {[%emt 0:00:10]} b5 {[%emt 0:08:52]} 23. Rcd1 {[%emt 0:12:08]} Nc4 {[%emt 0:07:01]} 24. Qe2 {[%emt 0:09:26]} Rad8 {[%emt 0:06:53]} 1/2-1/2

[Event "WYCC 2018 O16"]
[Site "Halkidiki"]
[Date "2018.10.20"]
[Round "1"]
[White "Sankalp Gupta"]
[Black "Aravena Navarro, Alexis Andres"]
[Result "1-0"]
[WhiteElo "2352"]
[BlackElo "1970"]
[Annotator "NA"]
[PlyCount "93"]
[EventDate "2018.10.20"]
[EventType "swiss"]
[EventCountry "GRE"]
[SourceTitle "playchess.com"]
[Source "ChessBase"]
[SourceQuality "1"]
[TimeControl "40/5400+30:1800+30"]

1. d4 {[%emt 0:00:00]} Nf6 {[%emt 0:00:00]} 2. Nf3 {[%emt 0:00:00]} e6 {[%emt 0:00:12]} 3. Bf4 {[%emt 0:00:00]} b6 {[%emt 0:00:14]} 4. e3 {[%emt 0:00:01]} Bb7 {[%emt 0:00:26]} 5. Bd3 {[%emt 0:00:59]} d6 {[%emt 0:00:13]} 6. O-O {[%emt 0:01:09]} Nbd7 {[%emt 0:00:30]} 7. h3 {[%emt 0:01:21]} Qe7 {[%emt 0:00:21]} 8. Bh2 {[%emt 0:06:44]} e5 {[%emt 0:00:56]} 9. dxe5 {[%emt 0:09:41]} dxe5 {[%emt 0:00:24]} 10. Bc4 {[%emt 0:00:11]} Qc5 {[%emt 0:10:43]} 11. Nbd2 {[%emt 0:06:04]} Bd6 {[%emt 0:11:29]} 12. e4 $11 {[%emt 0:18:35]} O-O {[%emt 0:08:17]} 13. Qe2 {[%emt 0:00:36]} a6 {[%emt 0:13:51]} 14. a4 {[%emt 0:02:47]} Rfe8 {[%emt 0:09:30]} 15. Ng5 {[%emt 0:06:59]} Re7 {[%emt 0:00:10]} 16. Nb3 {[%emt 0:00:11]} Qc6 {[%emt 0:00:01]} 17. Bb5 {[%emt 0:01:19]} axb5 {[%emt 0:05:45]} 18. axb5 {[%emt 0:00:03]} Ba6 {[%emt 0:00:15]} 19. bxc6 {[%emt 0:09:57]} Bxe2 {[%emt 0:00:10]} 20. Rxa8+ {[%emt 0:00:03]} Nf8 {[%emt 0:00:14]} 21. Re1 {[%emt 0:03:08]} Bb5 {[%emt 0:01:06]} 22. Nd2 {[%emt 0:00:10]} h6 {[%emt 0:02:53]} 23. Ngf3 {[%emt 0:00:11]} Bxc6 {[%emt 0:00:04]} 24. Rd8 {[%emt 0:01:37]} Re6 {[%emt 0:09:20]} 25. Nc4 {[%emt 0:07:44]} Bxe4 {[%emt 0:13:33]} 26. Ncxe5 {[%emt 0:03:33]} Bb4 {[%emt 0:07:42]} 27. c3 {[%emt 0:01:24]} Be7 {[%emt 0:02:14]} 28. Rdd1 {[%emt 0:00:18]} c5 {[%emt 0:00:24]} 29. Nd2 {[%emt 0:01:57]} Bc2 {[%emt 0:00:01]} 30. Rc1 {[%emt 0:00:23]} Ba4 {[%emt 0:00:04]} 31. Nec4 {[%emt 0:00:39]} b5 {[%emt 0:00:17]} 32. Rxe6 {[%emt 0:00:07]} Nxe6 {[%emt 0:00:01]} 33. Nb6 {[%emt 0:00:13]} Bd8 {[%emt 0:00:10]} 34. Nxa4 bxa4 35. Ra1 {[%emt 0:00:12]} Nd5 {[%emt 0:00:28]} 36. Nc4 {[%emt 0:00:25]} Bg5 {[%emt 0:00:45]} 37. Rxa4 {[%emt 0:00:24]} Kh7 {[%emt 0:00:02]} 38. Bd6 {[%emt 0:00:27]} Nf6 {[%emt 0:00:23]} 39. Ra7 {[%emt 0:00:50]} Kg6 {[%emt 0:01:26]} 40. Ne5+ {[%emt 0:00:00]} Kf5 {[%emt 0:00:00]} 41. Nd3 {[%emt 0:05:19]} Ne4 {[%emt 0:23:20]} 42. Bxc5 {[%emt 0:00:56]} f6 {[%emt 0:00:44]} 43. Bb6 {[%emt 0:01:10]} Nd6 {[%emt 0:01:01]} 44. Ra5+ {[%emt 0:02:02]} Kg6 {[%emt 0:00:08]} 45. Ra4 {[%emt 0:01:27]} Kf5 {[%emt 0:00:12]} 46. g4+ {[%emt 0:00:11]} Kg6 {[%emt 0:00:01]} 47. f4 {[%emt 0:00:10]} 1-0

[Event "WYCC 2018 O16"]
[Site "Halkidiki"]
[Date "2018.10.20"]
[Round "1"]
[White "Koustav Chatterjee"]
[Black "Pena Cifuentes, Tomas Alberto"]
[Result "1-0"]
[WhiteElo "2344"]
[BlackElo "1952"]
[Annotator "NA"]
[PlyCount "67"]
[EventDate "2018.10.20"]
[EventType "swiss"]
[EventCountry "GRE"]
[SourceTitle "playchess.com"]
[Source "ChessBase"]
[SourceQuality "1"]
[TimeControl "40/5400+30:1800+30"]

1. Nf3 {[%emt 0:00:00]} d5 {[%emt 0:00:00]} 2. e3 {[%emt 0:00:25]} Nf6 {[%emt 0:00:05]} 3. c4 {[%emt 0:00:07]} e6 {[%emt 0:00:33]} 4. b3 {[%emt 0:00:13]} c5 {[%emt 0:01:25]} 5. Bb2 {[%emt 0:00:06]} Nc6 {[%emt 0:00:26]} 6. cxd5 {[%emt 0:00:17]} exd5 {[%emt 0:00:41]} 7. Be2 {[%emt 0:00:06]} Bd6 {[%emt 0:02:02]} 8. O-O {[%emt 0:00:36]} O-O {[%emt 0:00:17]} 9. d4 {[%emt 0:00:22]} Bg4 {[%emt 0:13:27]} 10. dxc5 {[%emt 0:00:55]} Bxc5 {[%emt 0:00:09]} 11. Nc3 {[%emt 0:00:04]} a6 {[%emt 0:01:27]} 12. h3 {[%emt 0:00:24] LiveBook: 5 Games} Bh5 {[%emt 0:02:12]} 13. Rc1 {[%emt 0:00:15]} Ba7 {[%emt 0:00:47]} 14. Nh4 {[%emt 0:01:03]} Bxe2 {[%emt 0:11:14]} 15. Nxe2 {[%emt 0:00:17]} Re8 {[%emt 0:02:57]} 16. Nf5 $14 {[%emt 0:05:46]} Ne5 {[%emt 0:01:15]} 17. Qc2 {[%emt 0:06:20]} Ne4 {[%emt 0:06:14]} 18. Rfd1 {[%emt 0:12:41]} Qg5 {[%emt 0:03:58]} 19. Nfd4 {[%emt 0:04:26]} Qh4 {[%emt 0:16:03]} 20. Nf4 {[%emt 0:05:01]} Rad8 {[%emt 0:06:09]} 21. Nf5 {[%emt 0:11:11]} Qg5 {[%emt 0:05:58]} 22. Nxd5 {[%emt 0:03:44]} Nf3+ {[%emt 0:06:05]} 23. Kh1 {[%emt 0:03:26]} Bc5 {[%emt 0:09:59]} 24. Nde7+ {[%emt 0:15:57]} Bxe7 {[%emt 0:00:41]} 25. Qxe4 {[%emt 0:00:07]} Nd2 {[%emt 0:03:32]} 26. Nxe7+ {[%emt 0:01:35]} Rxe7 {[%emt 0:01:26]} 27. Qc2 {[%emt 0:00:08]} Red7 {[%emt 0:00:29]} 28. Bd4 {[%emt 0:00:05]} Nf3 {[%emt 0:01:44]} 29. gxf3 {[%emt 0:00:46]} Qh5 {[%emt 0:00:15]} 30. Kh2 {[%emt 0:00:09]} Qxf3 {[%emt 0:00:32]} 31. Rg1 {[%emt 0:00:04]} f5 {[%emt 0:02:06]} 32. Rg3 {[%emt 0:00:21]} Qh5 {[%emt 0:00:23]} 33. Qc4+ {[%emt 0:00:04]} Kh8 {[%emt 0:00:58]} 34. Rcg1 {[%emt 0:00:14]} 1-0

[Event "WYCC 2018 O16"]
[Site "Halkidiki"]
[Date "2018.10.20"]
[Round "1"]
[White "Guerra Rivera, Salvador"]
[Black "Lin, Kerry"]
[Result "1-0"]
[WhiteElo "2340"]
[BlackElo "1931"]
[Annotator "NA"]
[PlyCount "69"]
[EventDate "2018.10.20"]
[EventType "swiss"]
[EventCountry "GRE"]
[SourceTitle "playchess.com"]
[Source "ChessBase"]
[SourceQuality "1"]
[TimeControl "40/5400+30:1800+30"]

1. e4 {[%emt 0:00:00]} c5 {[%emt 0:00:00]} 2. Nf3 {[%emt 0:00:08]} e6 {[%emt 0:00:00]} 3. d4 {[%emt 0:00:26]} cxd4 {[%emt 0:00:03]} 4. Nxd4 {[%emt 0:00:10]} Nf6 {[%emt 0:00:06]} 5. Nc3 {[%emt 0:00:32]} Nc6 {[%emt 0:00:08]} 6. Ndb5 {[%emt 0:01:06]} Bb4 {[%emt 0:00:53]} 7. a3 {[%emt 0:02:20]} Bxc3+ {[%emt 0:00:30]} 8. Nxc3 {[%emt 0:00:07]} d5 {[%emt 0:00:07]} 9. Bd3 {[%emt 0:00:50]} O-O {[%emt 0:04:39]} 10. O-O {[%emt 0:09:49]} d4 {[%emt 0:10:40]} 11. Ne2 {[%emt 0:01:02]} e5 {[%emt 0:09:08]} 12. h3 $11 {[%emt 0:03:40]} Qb6 {[%emt 0:08:25]} 13. b4 {[%emt 0:14:58]} Re8 {[%emt 0:18:31]} 14. Ng3 {[%emt 0:01:53]} Be6 {[%emt 0:08:01]} 15. f4 {[%emt 0:14:46]} exf4 {[%emt 0:00:19]} 16. Bxf4 {[%emt 0:00:30]} Ne7 {[%emt 0:07:22]} 17. Bg5 {[%emt 0:19:35]} Nd7 {[%emt 0:03:03]} 18. h4 {[%emt 0:01:06]} Ne5 {[%emt 0:04:01]} 19. h5 {[%emt 0:00:48]} h6 {[%emt 0:03:26]} 20. Bf4 {[%emt 0:01:17]} N7c6 {[%emt 0:03:45]} 21. b5 {[%emt 0:08:58]} Nxd3 {[%emt 0:01:22]} 22. Qxd3 {[%emt 0:00:11]} Na5 {[%emt 0:01:59]} 23. Nf5 {[%emt 0:00:09]} Bxf5 {[%emt 0:01:10]} 24. exf5 {[%emt 0:00:04]} Rac8 {[%emt 0:03:39]} 25. Rae1 {[%emt 0:06:46]} Red8 {[%emt 0:05:24]} 26. Rf2 {[%emt 0:02:02]} Rc3 {[%emt 0:02:04]} 27. Qe4 {[%emt 0:00:14]} Rc4 {[%emt 0:02:16]} 28. Qe7 {[%emt 0:03:31]} Rdc8 {[%emt 0:00:59]} 29. Bd6 {[%emt 0:04:17]} Qxb5 {[%emt 0:01:25]} 30. f6 {[%emt 0:00:16]} Qxh5 {[%emt 0:00:52]} 31. fxg7 {[%emt 0:00:06]} Kxg7 {[%emt 0:00:26]} 32. Be5+ {[%emt 0:01:10]} Kg8 {[%emt 0:00:43]} 33. Qf6 {[%emt 0:00:43]} Kf8 {[%emt 0:00:27]} 34. Bxd4 {[%emt 0:00:41]} Rxd4 {[%emt 0:00:35]} 35. Qh8# {[%emt 0:00:05]} 1-0